Edad mínima de exposicion de superficies en canteras-taller : reflexiones en torno a las primeras dataciones mediante microlaminaciones del barniz de las rocas(vml)para el noreste argentino /

El objetivo de este trabajo es presentar los resultados de las primeras dataciones del barniz de las rocas para el noroeste argentino, obtenidas mediante la técnica VML (varnish microlamination) y discutir su utilidad a partir de un caso de estudio en el valle de Santa María. El VML brinda una estim...

Full description

Bibliographic Details
Main Author: Somonte, Carolina
Other Authors: Baied, Carlos A.
Format: Analitica de revista
Language:Spanish
Published: Arica Universidad de Tarapacá 2013
Subjects:
Online Access:Acceso electrónico al documento

MARC

LEADER 00000cab a2200000 a 4500
001 028846
003 UAHC_CL
005 20170803123007.0
008 140516s2013 cl 000 spa
022 |a 07177356 
040 |a UAHC_CL  |c UAHC_CL  |d UAHC_CL 
100 1 |a Somonte, Carolina 
245 1 0 |a Edad mínima de exposicion de superficies en canteras-taller :  |b reflexiones en torno a las primeras dataciones mediante microlaminaciones del barniz de las rocas(vml)para el noreste argentino /  |c Carolina Somonte, Carlos A. Baied. 
260 |b Universidad de Tarapacá  |a Arica  |c 2013 
300 |a pp. 427-445 
500 |a En: Chungará (Arica), 2013, vol.45, no.3, p. 427-445\ ISSN 0717-7356.\También disponible en formato electrónico. 
500 |a En: Chungará (Arica), 2013, vol.45, no.3, p. 427-445\ ISSN 0717-7356.\También disponible en formato electrónico. 
520 |a El objetivo de este trabajo es presentar los resultados de las primeras dataciones del barniz de las rocas para el noroeste argentino, obtenidas mediante la técnica VML (varnish microlamination) y discutir su utilidad a partir de un caso de estudio en el valle de Santa María. El VML brinda una estimación de la edad mínima de exposición de las superficies geológicas y estructuras arqueológicas (clastos, rodados y artefactos) y es diferente e independiente de métodos como el carbono 14. Se recolectaron y analizaron conjuntos líticos superficiales –geológicos y arqueológicos– del sitio Planchada La Puntilla (PLP), cuyas dataciones sugieren una edad mínima de exposición de la superficie entre los 6.500-7.300 años a.p. y una edad mínima para las piezas líticas del sitio PLP de 5.900-6.500 años a.p. Además, la secuencia de microlaminaciones del barniz conforma un registro climático que hace del barniz una herramienta única para discutir el cambio climático del pasado en un área donde ha sido difícil encontrar proxies más tradicionales. Los resultados de VML permitieron discutir la temporalidad de los procesos de producción artefactual lítica y sus implicancias para otros sitios de superficie, tradicionalmente asociados a la denominada Industria Ampajango, así como las variaciones climáticas durante el Holoceno Medio y Tardío.\\Palabras claves: Microlaminación del barniz (VML), geocronología, conjuntos líticos de superficie, arqueología noroeste argentino. 
520 |a El objetivo de este trabajo es presentar los resultados de las primeras dataciones del barniz de las rocas para el noroeste argentino, obtenidas mediante la tÈcnica VML (varnish microlamination) y discutir su utilidad a partir de un caso de estudio en el valle de Santa MarÌa. El VML brinda una estimaciÛn de la edad mÌnima de exposiciÛn de las superficies geolÛgicas y estructuras arqueolÛgicas (clastos, rodados y artefactos) y es diferente e independiente de mÈtodos como el carbono 14. Se recolectaron y analizaron conjuntos lÌticos superficiales ñgeolÛgicos y arqueolÛgicosñ del sitio Planchada La Puntilla (PLP), cuyas dataciones sugieren una edad mÌnima de exposiciÛn de la superficie entre los 6.500-7.300 aÒos a.p. y una edad mÌnima para las piezas lÌticas del sitio PLP de 5.900-6.500 aÒos a.p. Adem·s, la secuencia de microlaminaciones del barniz conforma un registro clim·tico que hace del barniz una herramienta ˙nica para discutir el cambio clim·tico del pasado en un ·rea donde ha sido difÌcil encontrar proxies m·s tradicionales. Los resultados de VML permitieron discutir la temporalidad de los procesos de producciÛn artefactual lÌtica y sus implicancias para otros sitios de superficie, tradicionalmente asociados a la denominada Industria Ampajango, asÌ como las variaciones clim·ticas durante el Holoceno Medio y TardÌo.\\Palabras claves: MicrolaminaciÛn del barniz (VML), geocronologÌa, conjuntos lÌticos de superficie, arqueologÌa noroeste argentino. 
520 |a El objetivo de este trabajo es presentar los resultados de las primeras dataciones del barniz de las rocas para el noroeste argentino, obtenidas mediante la tÈcnica VML (varnish microlamination) y discutir su utilidad a partir de un caso de estudio en el valle de Santa MarÌa. El VML brinda una estimaciÛn de la edad mÌnima de exposiciÛn de las superficies geolÛgicas y estructuras arqueolÛgicas (clastos, rodados y artefactos) y es diferente e independiente de mÈtodos como el carbono 14. Se recolectaron y analizaron conjuntos lÌticos superficiales ñgeolÛgicos y arqueolÛgicosñ del sitio Planchada La Puntilla (PLP), cuyas dataciones sugieren una edad mÌnima de exposiciÛn de la superficie entre los 6.500-7.300 aÒos a.p. y una edad mÌnima para las piezas lÌticas del sitio PLP de 5.900-6.500 aÒos a.p. Adem·s, la secuencia de microlaminaciones del barniz conforma un registro clim·tico que hace del barniz una herramienta única para discutir el cambio clim·tico del pasado en un ·rea donde ha sido difÌcil encontrar proxies m·s tradicionales. Los resultados de VML permitieron discutir la temporalidad de los procesos de producciÛn artefactual lÌtica y sus implicancias para otros sitios de superficie, tradicionalmente asociados a la denominada Industria Ampajango, asÌ como las variaciones clim·ticas durante el Holoceno Medio y TardÌo.\\Palabras claves: MicrolaminaciÛn del barniz (VML), geocronologÌa, conjuntos lÌticos de superficie, arqueologÌa noroeste argentino. 
650 4 |x MICROLAMINACION DEL BARNIZ 
650 4 |a ARQUEOLOGIA  |z NORESTE ARGENTINO 
653 |a ANTROPOLOGIA 
653 |a ARQUEOLOGIA 
700 1 |a Baied, Carlos A. 
759 |a PP037 
773 0 |t Chungará Arica : Revista de antropología chilena.  |w 028634 
856 |u http://ref.scielo.org/py96kf  |3 Acceso electrónico al documento  |y Acceso electrónico al documento 
856 |u http://ref.scielo.org/py96kf  |3 Acceso electrónico al documento  |y Acceso electrónico al documento 
900 |a CHUNGARA ARICA-03/13 
942 |c REVA 
952 |0 0  |1 0  |4 0  |6 CHUNGARA_ARICA03_13_000000000000000  |7 0  |8 General  |9 56795  |a BC  |b BC  |c General  |d 2017-08-03  |l 0  |o CHUNGARA ARICA-03/13  |p FICTICIO1746  |r 2019-01-08 00:00:00  |t 1  |w 2017-08-03  |y REVA 
999 |c 28846  |d 28846